Riconosci la Squadra di calcio - Quiz n°249 - Statistics

Statistiche generali
  • Questo quiz è stato fatto 2 volte
  • Il punteggio medio è 6 su 9
Statistiche sulle risposte
Indizio Risposta % Corretto
Titoli nazionali 1 Campionato inglese di seconda divisione
100%
Colori sociali Rosso, bianco
100%
Confederazione UEFA
100%
Trofei internazionali 0
50%
Fondazione 1905
50%
Trofei nazionali 1 Coppa d'Inghilterra
50%
Capienza Stadio 27 111 posti
50%
Divisione nazionale 2023-2024 Terza
50%
Squadra Charlton
0%
Nessun quiz corrispondente trovato
Distribuzione punteggi
Percentuale di utenti per punteggio
Percentile per numero di risposta
I tuoi punteggi nel tempo
Non hai fatto questo quiz